Integrated molecular evolution (Record no. 21871)

MARC details
000 -LEADER
fixed length control field 00474nam a2200181Ia 4500
008 - FIXED-LENGTH DATA ELEMENTS--GENERAL INFORMATION
fixed length control field 230917s9999||||xx |||||||||||||| ||und||
020 ## - ISBN
Price GBP82
040 ## - CATALOGING SOURCE
-- 238748
Original cataloging agency VIVEKANANDA LIBRARY
041 ## - Language
-- English
082 ## - DDC NUMBER
Classification number 572.838 R633I
100 ## - MAIN ENTRY--PERSONAL NAME
Personal name Rogers, Scott Orland
245 #0 - TITLE STATEMENT
Title Integrated molecular evolution
250 ## - EDITION STATEMENT
Edition statement 2nd ed.
260 ## - PUBLICATION, DISTRIBUTION, ETC. (IMPRINT)
Place of publication, distribution, etc Boca Raton
Name of publisher, distributor, etc CRC Press
Date of publication, distribution, etc 2017
300 ## - PHYSICAL DESCRIPTION
Pages xix, p.
500 ## - GENERAL NOTE
General note 2657 09/03/2017 PBA17/1877 09/03/2017 Main Budget
942 ## - ADDED ENTRY ELEMENTS (KOHA)
Koha item type Books
Holdings
Withdrawn status Lost status Damaged status Not for loan Location (home branch) Sublocation or collection (holding branch) Date acquired Koha issues (times borrowed) Koha full call number Accession No. Koha date last seen Koha item type
        VIVEKANANDA LIBRARY VIVEKANANDA LIBRARY 17/04/2017   572.838 R633I 365275 17/09/2023 Books
© Designed and Maintained by Vivekananda Library, MDU Rohtak